Development aspects of cooperatives in agriculture in Czech Republic

História a poznatky o súčasných českých poľnohospodárskych družstvách. Veľkosť, podiel členov na riadení a implementácia družstevných princípov v činnosti poľnohospodárskych družstiev. Dobrovoľné združovanie podnikateľských subjektov poľnohospodárskej prvovýroby v odbytových, zásobovacích a spracova...

Ausführliche Beschreibung

Gespeichert in:
Bibliographische Detailangaben
1. Verfasser: Novotný, Jiří
Format: Buchkapitel
Sprache:Tschechisch
Schlagworte:
Tags: Tag hinzufügen
Keine Tags, Fügen Sie das erste Tag hinzu!

MARC

LEADER 00000nla a2200000 4500
001 0229415
005 20211005125318.2
041 0 |a cze 
044 |a SK 
245 1 0 |a Development aspects of cooperatives in agriculture in Czech Republic  |c Jiří Novotný 
520 |a História a poznatky o súčasných českých poľnohospodárskych družstvách. Veľkosť, podiel členov na riadení a implementácia družstevných princípov v činnosti poľnohospodárskych družstiev. Dobrovoľné združovanie podnikateľských subjektov poľnohospodárskej prvovýroby v odbytových, zásobovacích a spracovateľských družstvách. 
610 2 0 |a Česko 
610 2 0 |a história 
610 2 0 |a družstevníctvo 
610 2 0 |a sektor družstevný 
610 2 0 |a družstvá 
610 2 0 |a poľnohospodárstvo 
610 2 0 |a formy organizačno-právne 
100 1 |a Novotný, Jiří